| 000 | 01020nam a2200277Ia 4500 | ||
|---|---|---|---|
| 001 | Para_3166 | ||
| 003 | CHAP | ||
| 008 | 220125s1987 xx 000 0 und d | ||
| 010 | _a201639 | ||
| 040 | _cCHAP | ||
| 090 | _aPA TESIS 399 | ||
| 100 |
_aAlvarez Zamorano, Ricardo _95004 |
||
| 245 |
_aEvaluación de fungicidas para el control del carbón parcial Neovossia indica (mit) Mundkuk en trigo, en el Valle del Yaqui, Sonora, 1985-1986 / _c Ricardo Alvarez Zamorano |
||
| 260 |
_aChapingo, Méx. : _b El autor |
||
| 300 | _a68 h. | ||
| 502 | _aTesis (Ing. Agr. Esp. en Parasitología Agrícola) -- UACh. Departamento de Parasitología Agrícola | ||
| 650 |
_aFungicidas Control biológico de hongos Trigo _x Enfermedades por hongos _9166549 |
||
| 710 |
_aUACh. Departamento de Parasitología Agrícola _9115877 |
||
| 901 | _aPA TESIS 399 | ||
| 902 | _aA | ||
| 905 | _a0000001987 CHAa 0000000000 00 | ||
| 910 | _a1987 | ||
| 942 | _cPARA | ||
| 942 |
_cPARA _d1 |
||
| 999 |
_c201639 _d201639 |
||